000 00384nam a2200145Ia 4500
005 20240807062555.0
008 240806s9999||||xx |||||||||||||| ||eng||
041 _aeng
082 _a294.59214
_bSHAK
100 _aAanandachramsanskritgranthawali
245 0 _aKrishnyajurvediyataitiriyasanhita /
_cAanandachramsanskritgranthawali
300 _a0
650 _aSanskrit
942 _cBK
999 _c22975
_d22975